Maîtres et disciples : Analyse transculturelle du parcours migratoire de l'école coranique à l'Europe (notice n° 1802885)
[ vue normale ]
| 000 -LEADER | |
|---|---|
| fixed length control field | 01502cam a2200133 4500500 |
| 005 - DATE AND TIME OF LATEST TRANSACTION | |
| control field | 20260329001205.0 |
| 041 ## - LANGUAGE CODE | |
| Language code of text/sound track or separate title | fre |
| 042 ## - AUTHENTICATION CODE | |
| Authentication code | dc |
| 100 10 - MAIN ENTRY--PERSONAL NAME | |
| Personal name | Finco, Rita |
| Relator term | author |
| 245 00 - TITLE STATEMENT | |
| Title | Maîtres et disciples : Analyse transculturelle du parcours migratoire de l'école coranique à l'Europe |
| 260 ## - PUBLICATION, DISTRIBUTION, ETC. | |
| Name of publisher, distributor, etc. | La Pensée sauvage,<br/> |
| Date of publication, distribution, etc. | 2020.<br/> |
| 520 ## - SUMMARY, ETC. | |
| Summary, etc. | Parmi les jeunes subsahariens émigrés en Europe, certains sont des disciples d’écoles coraniques, les Talibés. Ces écoles sont des lieux où les enfants apprennent le profane et le sacré. Comme l’écrit Amadou Hampâté Bâ, essayer de comprendre l’Afrique et ses habitants sans l’apport des religions, c’est ouvrir une gigantesque armoire vidée de son contenu le plus précieux. La construction de cette appartenance dès l’enfance est un élément d’identité peu pris en compte dans les parcours de ces migrants. Cet ouvrage propose une analyse de l’expérience de ces Talibés. L’expérience religieuse et institutionnelle, inscrite dès l’enfance, s’avère structurelle et nécessite d’être prise en compte par les professionnels. La dimension religieuse mérite d’occuper une place déterminante au niveau thérapeutique et socio-éducatif. Il est nécessaire de donner une place au sacré pour que nos dispositif s de soins et d’accompagnement des populations migrantes soient efficaces. |
| 856 41 - ELECTRONIC LOCATION AND ACCESS | |
| Uniform Resource Identifier | <a href="https://shs.cairn.info/maitres-et-disciples--9782859193386?lang=fr&redirect-ssocas=7080">https://shs.cairn.info/maitres-et-disciples--9782859193386?lang=fr&redirect-ssocas=7080</a> |
Pas d'exemplaire disponible.




Réseaux sociaux